Normal view
MARC view
Entry Personal Name
001 - CONTROL NUMBER
- control field: 75477
003 - CONTROL NUMBER IDENTIFIER
- control field: OSt
005 - DATE AND TIME OF LATEST TRANSACTION
- control field: 20190621163315.0
008 - FIXED-LENGTH DATA ELEMENTS
- fixed length control field: 190621|| aca||aabn | a|a d
040 ## - CATALOGING SOURCE
- Original cataloging agency: OSt
- Transcribing agency: OSt
100 ## - HEADING--PERSONAL NAME
- Personal name: Trivedi,Dr. Priya Ranjan
670 ## - SOURCE DATA FOUND
- Source citation: Work cat.: (OSt): Trivedi,Dr. Priya Ranjan, Ram Nath Kovind From Ranks to Raisina, 2017









